Developing communication skills
Αποθηκεύτηκε σε:
| Μορφή: | Βιβλίο |
|---|---|
| Έκδοση: |
1990
|
| Ετικέτες: |
Προσθήκη ετικέτας
Δεν υπάρχουν, Καταχωρήστε ετικέτα πρώτοι!
|
| Thư viện lưu trữ: | Mạng thư viện Đại học Đà Nẵng |
|---|
| LEADER | 00447nam a22001811a 4500 | ||
|---|---|---|---|
| 001 | 000037654 | ||
| 003 | 13949 | ||
| 005 | 20160412020420.0 | ||
| 008 | 160412s1990 000 | ||
| 082 | |a 4A(07)1002-03 | ||
| 245 | |a Developing communication skills |c Francoise Grellet | ||
| 260 | |c 1990 | ||
| OWN | |a LNN | ||
| 999 | |a From the UDN01 | ||
| TYP | |a Monograph | ||
| 980 | |a Mạng thư viện Đại học Đà Nẵng | ||